| Поле | Название | Значение |
| |
Тип записи |
i |
| |
Библиографический уровень |
m |
| 001 |
Контрольный номер |
3924c8b7644b41feab03f32a22978238 |
| 005 |
Дата корректировки |
20201206205202.7 |
| 010 |
Индекс ISBN |
__ |
| a |
ISBN |
(В кор.) |
| d |
Цена |
408-00 |
| 100 |
Данные общей обработки |
__ |
| a |
Данные общей обработки |
19190516d2016||||||| 0rusy0189 ca |
| 101 |
Язык документа |
1_ |
| a |
Язык текста |
rus |
| c |
Язык оригинала |
eng |
| 102 |
Страна публикации |
__ |
| a |
Страна публикации |
RU |
| 102 |
Страна публикации |
__ |
| a |
Страна публикации |
RU |
| 105 |
Кодированные данные (монография) |
__ |
| a |
Кодированные данные (монография) |
|||||||||||zy |
| 127 |
Кодированные данные (звукозаписи-физические характеристики) |
__ |
| a |
Продолжительность проигрывания |
074800 |
| 200 |
Заглавие и сведения об ответственности |
1_ |
| a |
Заглавие |
Дело о наезде |
| f |
Первые сведения об ответственности |
Джеймс Хедли Чейз ; исполняет Александр Бордуков ; перевод М. Загот |
| b |
Общее обозначение материала |
Звукозапись |
| 210 |
Выходные данные |
__ |
| a |
Место издания |
Москва |
| c |
Издательство |
Покидышевъ и сыновья |
| c |
Издательство |
Воробьев В. А. |
| c |
Издательство |
Издательский Дом СОЮЗ |
| d |
Дата издания |
2014 |
| 215 |
Физическое описание |
__ |
| a |
Объем |
1 электрон. опт. диск (CD-DA) |
| c |
Иллюстрации/тип воспроизводства |
mp3 |
| d |
Формат |
12 см |
| 230 |
Специфическая характеристика материала: электронные ресурсы |
__ |
| a |
Обозначение и объем ресурса |
Электронные звуковые данные |
| 300 |
Общие примечания |
__ |
| a |
Общие примечания |
Заглавие с этикетки диска |
| 300 |
Общие примечания |
__ |
| a |
Общие примечания |
Hit and Run |
| 330 |
Аннотация |
__ |
| a |
Аннотация |
Первые же страницы знаменитого романа "Дело о наезде" послужат пропуском в мир, полный невероятных приключений и страшных тайн, - мир книг Джеймса Хедли Чейза, в котором никому еще не было скучно. "Некоторые боссы придерживаются твердого правила - никогда не смешивать работу и личную жизнь. Именно к такому типу начальников принадлежал Роджер Эйткен. Лишь после того, как он упал с лестницы перед "Плаза Грилл" и сломал себе ногу, я попал к нему домой и увидел его жену....." Так начинается один из самых "детективных" романов Чейза, посвященный приключениям Честера Скотта и жены мистера Эйткена. |
| 333 |
Примечание о целевом назначении |
__ |
| a |
Примечание о целевом назначении |
16+. Для детей старше 16 лет |
| 606 |
Тематические рубрики |
__ |
| a |
Основная рубрика |
Художественная литература |
| 606 |
Тематические рубрики |
__ |
| a |
Основная рубрика |
Литература Европы (произведения) |
| y |
Географическая подрубрика |
Великобритания |
| 610 |
Ключевые слова |
__ |
| a |
Ключевые слова |
детективы |
| 610 |
Ключевые слова |
__ |
| a |
Ключевые слова |
романы |
| 610 |
Ключевые слова |
__ |
| a |
Ключевые слова |
детективные романы |
| 610 |
Ключевые слова |
__ |
| a |
Ключевые слова |
мистические детективы |
| 610 |
Ключевые слова |
__ |
| a |
Ключевые слова |
английские детективы |
| 610 |
Ключевые слова |
__ |
| a |
Ключевые слова |
тема убийств |
| 610 |
Ключевые слова |
__ |
| a |
Ключевые слова |
тема загадок |
| 610 |
Ключевые слова |
__ |
| a |
Ключевые слова |
тема расследований |
| 686 |
Индексы других классификаций |
__ |
| 2 |
Код системы |
rubbks |
| a |
Классификационный индекс |
84(4Вел)6-445я04 |
| 700 |
Автор |
_1 |
| a |
Фамилия |
Чейз |
| b |
Имя |
Д. Х. |
| f |
Даты |
1906-1985 |
| g |
Полное личное имя |
Джеймс Хедли |
| 4 |
Код отношения |
070 |
| 702 |
Вторичная интеллектуальная ответственность |
_1 |
| a |
Фамилия |
Бордуков |
| b |
Имя |
А. С. |
| 4 |
Код отношения |
Прочие |
| f |
Даты |
1946- |
| g |
Полное личное имя |
Александр Сергеевич |
| 4 |
Код отношения |
570 |
| 702 |
Вторичная интеллектуальная ответственность |
_1 |
| a |
Фамилия |
Загот |
| b |
Имя |
М. А. |
| 4 |
Код отношения |
Переводчик |
| f |
Даты |
1946- |
| g |
Полное личное имя |
Михаил Александрович |
| 4 |
Код отношения |
730 |
| 801 |
Источник записи |
_2 |
| a |
Страна |
RU |
| b |
Организация |
Муниципальное бюджетное учреждение культуры "Централизованная библиотечная система" г. Сургут (Центральная городская библиотека им. А. С. Пушкина) |
| c |
Дата составления |
20190516 |
| 852 |
Данные о местонахождении |
__ |
| j |
Шифр хранения |
84(4Вел)6-445я04 |
| i |
Авторский знак |
Ч-36 |
| 901 |
Тип документа |
__ |
| a |
Ответственный |
КиК/Мамарузиева |
| t |
Тип документа |
0 |
| 903 |
Характеристики (МАРС) |
__ |
| a |
Дата передачи |
20190516 |
| 969 |
Тип издания |
__ |
| a |
Тип издания |
аудиокнига |
| a |
Тип издания |
издание для слепых |
| 990 |
Данные о заказе (DOS) |
__ |
| j |
Количество экземпляров (DOS) |
1 |
| t |
N записи в КСУ для И/У (DOS) |
201906 |